|
|
|
|
| LEADER |
00833 a2200181 4500 |
| 008 |
180507b xxu||||| |||| 00| 0 mal d |
| 020 |
|
|
|a 8188087149
|
| 082 |
|
|
|a 851.522092
|
| 100 |
|
|
|a Sreedharan, Eyyamkod.
|
| 245 |
|
|
|a സ്വപ്നാടനം /
|b ഈയ്യംകോട് ശ്രീധരൻ
|
| 260 |
|
|
|b Deparment of Cultural Department,
|c 2004.
|a Thiruvananthapuram:
|
| 300 |
|
|
|a 298p.
|c 21cm.
|
| 546 |
|
|
|a Malayalam
|
| 650 |
|
|
|a Kunjiraman nair, P
|v biography
|
| 942 |
|
|
|2 ddc
|c BK
|
| 999 |
|
|
|c 117560
|d 117560
|
| 952 |
|
|
|0 0
|1 0
|4 0
|6 851_522092000000000_SRE_S_M
|7 0
|9 127075
|a UL
|b UL
|c ST1
|d 2018-03-06
|e 176
|g 99.20
|l 2
|o 851.522092 SRE/S M
|p 98799
|r 2019-12-31
|s 2019-12-04
|v 160.00
|y BK
|
| 952 |
|
|
|0 0
|1 0
|2 ddc
|4 0
|6 851_522092000000000_SRE_S
|7 0
|9 414907
|a UL
|b UL
|c PROC
|d 2021-03-15
|o 851.522092 SRE/S
|p G12498
|r 2021-03-15
|v 160.00
|w 2021-03-15
|y BK
|